UBT Library

Information technology for management : (Record no. 41388)

000 -LEADER
fixed length control field 00880cam a2200265 i 4500
001 - CONTROL NUMBER
control field 17457700
005 - DATE AND TIME OF LATEST TRANSACTION
control field 20180131074630.0
008 - FIXED-LENGTH DATA ELEMENTS--GENERAL INFORMATION
fixed length control field 120910t20132013njua b 001 0 eng
010 ## - LIBRARY OF CONGRESS CONTROL NUMBER
LC control number 2012028593
020 ## - INTERNATIONAL STANDARD BOOK NUMBER
International Standard Book Number 9781118357040 (hardback : acidfree paper)
020 ## - INTERNATIONAL STANDARD BOOK NUMBER
International Standard Book Number 1118357043 (hardback : acidfree paper)
040 ## - CATALOGING SOURCE
Original cataloging agency DLC
Language of cataloging eng
Transcribing agency DLC
Description conventions rda
041 ## - LANGUAGE CODE
Language code of text/sound track or separate title eng
042 ## - AUTHENTICATION CODE
Authentication code pcc
080 ## - UNIVERSAL DECIMAL CLASSIFICATION NUMBER
Universal Decimal Classification number 658.4038011 efr
082 00 - DEWEY DECIMAL CLASSIFICATION NUMBER
Classification number 658.4038011 efr
Edition number 23
084 ## - OTHER CLASSIFICATION NUMBER
Classification number COM032000
Source of number bisacsh
100 1# - Rafti
Rafti 54
101 ## - Shkurtesa
Shkurtesa man
245 10 - TITLE STATEMENT
Title Information technology for management :
504 ## - BIBLIOGRAPHY, ETC. NOTE
Bibliography, etc Includes bibliographical references and indexes.
906 ## - LOCAL DATA ELEMENT F, LDF (RLIN)
a 7
b cbc
c orignew
d 1
e ecip
f 20
g y-gencatlg
942 ## - ADDED ENTRY ELEMENTS (KOHA)
Source of classification or shelving scheme
Item type Books
Holdings
Withdrawn status Lost status Source of classification or shelving scheme Damaged status Not for loan Collection code Permanent location Current location Shelving location Date acquired Total Checkouts Full call number Barcode Date last seen Price effective from Koha item type
          Koleksioni i përgjithshem UBT - Lipjan UBT - Lipjan Koleksioni i përgjithshem 01/31/2018   658.4038011 efr 002-2998038 01/31/2018 01/31/2018 Books
UBT Library © 2015-2024. All rights reserved University Education for Business and Technology